Derecho del trabajo y de la seguridad social (Registro nro. 755)
[ vista simple ]
| 000 -LEADER | |
|---|---|
| fixed length control field | 01833 a2200241 4500 |
| 001 - CONTROL NUMBER | |
| control field | 20939 |
| 005 - DATE AND TIME OF LATEST TRANSACTION | |
| control field | 20260407155500.0 |
| 008 - FIXED-LENGTH DATA ELEMENTS--GENERAL INFORMATION | |
| fixed length control field | 260407a2008 arg spa d |
| 003 - CONTROL NUMBER IDENTIFIER | |
| control field | AR-UNSa-BCEJYS |
| 040 ## - CATALOGING SOURCE | |
| Original cataloging agency | AR-UNSa-BCEJYS |
| Language of cataloging | spa |
| Transcribing agency | AR-UNSa-BCEJYS |
| 080 ## - UNIVERSAL DECIMAL CLASSIFICATION NUMBER | |
| Universal Decimal Classification number | 349.2 |
| Common auxiliary subdivision | Derecho del Trabajo |
| 020 ## - INTERNATIONAL STANDARD BOOK NUMBER | |
| International Standard Book Number | 978-950-508-810-2 |
| 100 1# - MAIN ENTRY--PERSONAL NAME | |
| Personal name | Vázquez Vialard, Antonio |
| 245 10 - TITLE STATEMENT | |
| Title | Derecho del trabajo y de la seguridad social |
| 250 ## - EDITION STATEMENT | |
| Edition statement | 10a. ed. |
| 264 #1 - PRODUCTION, PUBLICATION, DISTRIBUTION, MANUFACTURE, AND COPYRIGHT NOTICE | |
| Place of production, publication, distribution, manufacture | Buenos Aires : |
| Name of producer, publisher, distributor, manufacturer | Astrea |
| Date of production, publication, distribution, manufacture, or copyright notice | 2008 |
| 300 ## - PHYSICAL DESCRIPTION | |
| Extent | 2 v. |
| Dimensions | 22 cm. |
| 505 ## - FORMATTED CONTENTS NOTE | |
| Formatted contents note | Vol. I: 1. Introducción - 2. Evolución histórica del derecho del trabajo - 3. Caracterización del derecho del trabajo - 4. Instituciones socio-laborales - 5. La relación individual - 6. Contrato de trabajo - 7. Deberes y derechos de las partes - 8. Condiciones de trabajo - 9. Remuneración - 10. Suspensión de algunas obligaciones que impone la prestación laboral - 11. Novación subjetiva del contrato de trabajo - 12. Extinción del contrato de trabajo - 13. Estatutos especiales -- Vol. II: 14. Derecho de las relaciones colectivas de trabajo. Introducción - 15. Asociaciones gremiales de trabajadores - 16. Conflicto social - 17. Negociación colectiva - 18. Intervención del estado en las relaciones de trabajo - 19. Justicia laboral - 20. Derecho de la seguridad social. Introducción - 21. Régimen previsional argentino - 22. Régimen de riesgos del trabajo - 23. Régimen de obras sociales - 24. Régimen de asignaciones familiares - 25. Régimen del seguro de desempleo - 26. Cobertura de otros estados de necesidad en la Argentina |
| 590 ## - LOCAL NOTE (RLIN) | |
| Local note | niveau_biblio:m niveau_hierar:0 |
| 700 1# - ADDED ENTRY--PERSONAL NAME | |
| Personal name | Virgili, Claudio Sebastián |
| 856 41 - ELECTRONIC LOCATION AND ACCESS | |
| Uniform Resource Identifier | <a href="https://biblioeco.unsa.edu.ar/pmb/images/libros/Derecho del Trabajo y de la Seguridad Social.jpg">https://biblioeco.unsa.edu.ar/pmb/images/libros/Derecho del Trabajo y de la Seguridad Social.jpg</a> |
| Link text | Imagen de portada |
| Electronic format type | image/jpeg |
| 942 ## - ADDED ENTRY ELEMENTS (KOHA) | |
| Koha item type | |
| Withdrawn status | Lost status | Damaged status | Not for loan | Home library | Current library | Shelving location | Date acquired | Total checkouts | Full call number | Barcode | Date last seen | Price effective from | Koha item type |
|---|---|---|---|---|---|---|---|---|---|---|---|---|---|
| Biblioteca Prof. Eusebio Cleto del Rey | Biblioteca Prof. Eusebio Cleto del Rey | 07/04/2026 | 349.2 V393 v.1 10ed. | L119150 | 07/04/2026 | 07/04/2026 | Libro | ||||||
| Biblioteca Prof. Eusebio Cleto del Rey | Biblioteca Prof. Eusebio Cleto del Rey | 07/04/2026 | 349.2 V393 v.2 10ed. | L119151 | 07/04/2026 | 07/04/2026 | Libro |